Hektor

Bibliographic Details
Main Author: Lehdan, Ilja, 1932-2010 (Author)
Format: Article
Language:Ukrainian
Slovak
PhysicalDescription:Obr. 1
Subjects:

MARC

LEADER 00000nab a2200000 a 4500
001 vtls000601269
003 SK-MaSNL
005 20260303020100.0
008 160314c1996 xo 0 ukr
015 |a SNBRB19rr/mm-uuuuu 
035 |a CL0601408 
040 |a SNKBUCL  |b slo  |c SNKBUCL  |e AACR2 
041 0 |a slo 
044 |a xo  |c SK 
080 |a 883 (437.6)-3(087.5)=83  |2 1981 
100 1 |a Lehdan, Ilja,  |d 1932-2010  |4 aut  |9 103419 
245 1 0 |a Hektor  |c Illja Lehdan 
300 |b Obr. 1 
650 0 7 |a prózy príbehové  |2 snkbucl  |9 593704 
773 0 |t Veselka  |g Roč. 45, č. 7 (1995/1996), s. 8 
850 |a Slovenská národná knižnica v Martine  |a POA001 
852 |a SNK  |b KIS3GCP 
958 |a UK 
958 |a LX 
958 |a RK 
958 |a RBX 
999 |c 1616469  |d 1618399